000 00855nab a2200265 u 4500
001 21259
003 HDC
007 cr bn ---aaaaa
008 210308c20100111xx dr|noo 0 a eng d
040 _aHDC
100 _aAisha Qidwae
_eauthor
_918839
245 0 _aUS Green Mosques / by
_cAisha Qidwae
260 _a[No place] :
_b[publisher not identified],
_c2010
300 _a1 online resource
336 _atext
_2rdacontent
337 _acomputer
_2rdamedia
338 _aonline resource
_2rdacarrier
650 _aGreen mosque
_xReligious aspects
_918840
650 _amuslim
_94617
710 _aHalal Focus
856 _zRequest full-text at [email protected]
942 _2lcc
942 _cNEWS
942 _kNWSO 006515
999 _c18575
_d18575